12 x 12 Tafel van Vermenigvuldiging - Een Minuut Sprint - Statistieken

Algemene statistieken
  • Deze quiz is 664 keer genomen
  • De gemiddelde score is 58 van 144
Antwoordstatistieken
Antwoord % Correct
1
100%
2
99%
3
98%
4
98%
5
96%
6
96%
7
96%
8
96%
9
96%
10
94%
11
93%
2
93%
12
92%
4
92%
6
91%
8
91%
10
89%
12
89%
14
89%
16
87%
18
87%
20
87%
22
87%
24
86%
3
85%
12
83%
6
83%
9
83%
15
82%
18
82%
21
82%
24
81%
27
80%
30
80%
33
77%
36
77%
4
77%
8
76%
12
74%
16
72%
20
72%
24
72%
28
71%
32
69%
5
66%
10
65%
15
65%
36
65%
40
65%
44
65%
48
65%
20
64%
25
62%
30
62%
35
60%
40
60%
45
58%
50
57%
55
57%
60
53%
6
50%
12
48%
18
46%
24
43%
30
42%
36
38%
42
38%
48
36%
54
33%
60
26%
7
26%
66
25%
72
25%
14
23%
21
23%
28
23%
35
20%
42
19%
49
16%
56
14%
63
14%
70
14%
77
14%
84
13%
8
12%
10
11%
16
11%
24
11%
32
11%
20
9%
30
9%
40
9%
40
9%
48
9%
50
9%
100
8%
11
8%
110
8%
56
8%
60
8%
64
8%
70
8%
72
8%
80
8%
80
8%
88
8%
9
8%
90
8%
120
7%
18
7%
27
7%
96
7%
22
6%
33
6%
36
6%
44
6%
45
6%
54
6%
55
6%
63
6%
66
6%
77
6%
88
6%
99
6%
110
5%
12
5%
72
5%
108
4%
121
4%
132
4%
144
4%
24
4%
36
4%
48
4%
60
4%
81
4%
90
4%
99
4%
108
3%
120
3%
132
3%
72
3%
84
3%
96
3%
Geen overeenkomende quizzen gevonden
Scoreverdeling
Procent van Mensen met Elke Score
Percentiel versus Aantal Correcte Antwoorden
Uw Scoregeschiedenis
U heeft deze quiz nog niet genomen